| 000 | 00391cam a2200145ua 4500 | ||
|---|---|---|---|
| 020 | _a9788187433842 | ||
| 082 |
_a532 _bRAM/HY |
||
| 100 |
_aRamamrutham, S. _91426 |
||
| 100 |
_aNarayan, R . _9507 |
||
| 245 | _aHydraulics,Fluid Mechanics and Fluid Machines / | ||
| 250 | _a / 7 th | ||
| 260 |
_aNew Delhi : _bDhanpat Rai Publishing Co. Pvt. Ltd. , _c2003 |
||
| 300 | _a1183 | ||
| 942 | _cBK | ||
| 999 |
_c12983 _d12983 |
||